00480nam a22001457a 4500082003200000100001800032245004900050260004100099300001300140526003700153650001300190942001200203999001900215952010000234 a954.910294bANScL-31, P-52 aAnsari914443 aAnsari's Trade Directory of PakistancAnsari aKarachi, PakistanbH. A. Juma & Co., a920 P, : a0b0c0d954_910294000000000_ANS aMCE9379 2ddccBK c550709d550709 00102ddc4070aMCEbMCEd2014-11-21l0o954.910294 ANSpMCE-30814r2014-11-21w2014-11-21yBK